[Event "2017 Seattle Chess Classic"]
[Site "?"]
[Date "????.??.??"]
[Round "8"]
[White "Su, Michael"]
[Black "Anand, Vignesh"]
[Result "1-0"]
[WhiteElo "1974"]
[BlackElo "1820"]
[PlyCount "50"]
[SourceDate "2017.09.09"]
[SourceVersionDate "2017.09.09"]

1. d4 Nf6 2. c4 g6 3. f3 d5 4. cxd5 Nxd5 5. e4 Nb6 6. Nc3 Bg7 7. Be3 O-O 8. Qd2
Nc6 9. O-O-O f5 10. e5 Nd5 11. Nxd5 Qxd5 12. b3 b5 13. Ne2 Qf7 14. g3 a5 15. f4
a4 16. Qc3 Be6 17. Qxc6 Bd5 18. e6 Bxe6 19. d5 Ra6 20. Qxa6 Bxd5 21. Qxb5 Bxh1
22. Nd4 e6 23. Bc4 Bxd4 24. Bxd4 axb3 25. Rxh1 Rd8 1-0

[Event "2017 Seattle Chess Classic"]
[Site "?"]
[Date "????.??.??"]
[Round "8"]
[White "Duleba, Krzysztof"]
[Black "Orlova, Yelizaveta"]
[Result "0-1"]
[WhiteElo "1821"]
[BlackElo "1954"]
[PlyCount "110"]
[SourceDate "2017.09.09"]
[SourceVersionDate "2017.09.09"]

1. e4 c5 2. d3 Nc6 3. f4 b5 4. Nf3 e6 5. Be2 Bb7 6. O-O Be7 7. c3 Nf6 8. Qe1 a6
9. f5 exf5 10. exf5 d5 11. Bg5 O-O 12. Qh4 h6 13. Nbd2 Nh7 14. Bxe7 Qxe7 15.
Qxe7 Nxe7 16. Ne5 Rfd8 17. d4 c4 18. Bh5 f6 19. Ng4 Bc8 20. Ne3 a5 21. Bf3 Ng5
22. g4 Nxf3+ 23. Nxf3 b4 24. Rfe1 Ra7 25. Nh4 Kf7 26. Nhg2 h5 27. h3 hxg4 28.
hxg4 g6 29. fxg6+ Nxg6 30. Nf5 Bxf5 31. gxf5 Ne7 32. Re6 Nxf5 33. Rb6 bxc3 34.
bxc3 Ng3 35. Kf2 Ne4+ 36. Kf3 Nxc3 37. Rh1 Rg8 38. Nf4 Ne4 39. Nxd5 Ng5+ 40.
Ke3 Re8+ 41. Kd2 Re6 42. Rb8 Rd7 43. Nb6 Rxd4+ 44. Kc3 Rg4 45. Nd5 Ne4+ 46. Kc2
Nd6 47. Rh6 Re2+ 48. Kc3 Rg3+ 49. Kd4 Nf5+ 50. Kc5 Nxh6 51. Rb7+ Kf8 52. Nxf6
Re7 53. Rxe7 Kxe7 54. Nd5+ Ke6 55. Kxc4 Rg4+ 0-1

[Event "2017 Seattle Chess Classic"]
[Site "?"]
[Date "????.??.??"]
[Round "8"]
[White "He, Samuel"]
[Black "Whale, Nicholas"]
[Result "1/2-1/2"]
[WhiteElo "2278"]
[BlackElo "1547"]
[PlyCount "101"]
[SourceDate "2017.09.11"]
[SourceVersionDate "2017.09.11"]

1. d4 Nf6 2. Nf3 d5 3. c4 c6 4. Nbd2 Bf5 5. Nh4 Bg6 6. e3 e6 7. Nxg6 hxg6 8.
Be2 Qc7 9. h3 Nbd7 10. a3 b6 11. b3 c5 12. Bb2 Be7 13. Rc1 Qd8 14. O-O O-O 15.
Bd3 Rc8 16. Qe2 cxd4 17. exd4 Re8 18. Nf3 Bd6 19. Rfe1 Qe7 20. Ra1 Nh5 21. Qd1
Nf4 22. Bf1 Qf6 23. g3 Nh5 24. Ne5 Qd8 25. cxd5 exd5 26. Bb5 Nhf6 27. g4 Re7
28. Re3 Nb8 29. Qe2 Rcc7 30. Bd3 Rc8 31. Re1 Nbd7 32. Qf3 Nf8 33. Qg2 Bb8 34.
f4 Ne6 35. Qf2 Nf8 36. Qf3 a5 37. R3e2 Ne4 38. Bxe4 dxe4 39. Rxe4 Rc2 40. R4e2
Rxe2 41. Rxe2 Qe8 42. Kf2 f6 43. Nd3 Rxe2+ 44. Qxe2 Qc6 45. Ne1 Bxf4 46. Qc4+
Qe6 47. Nd3 Bd6 48. Kf3 Kf7 49. Bc1 g5 50. a4 Ng6 51. Qxe6+ 1/2-1/2

[Event "2017 Seattle Chess Classic"]
[Site "?"]
[Date "????.??.??"]
[Round "4"]
[White "Raffel, Brian"]
[Black "Ahluwalia, Anshul"]
[Result "0-1"]
[WhiteElo "1403"]
[BlackElo "1775"]
[PlyCount "52"]
[SourceDate "2017.09.11"]
[SourceVersionDate "2017.09.11"]

1. e4 c5 2. Nf3 e6 3. d4 cxd4 4. Nxd4 a6 5. Bc4 Qc7 6. Bb3 Nf6 7. Nc3 Bb4 8.
Qf3 Nc6 9. Nxc6 bxc6 10. Bd2 Bb7 11. O-O-O Be7 12. h4 d5 13. exd5 cxd5 14. Qd3
O-O 15. h5 a5 16. Nb5 Qd7 17. a4 Ba6 18. h6 g6 19. Bf4 Bxb5 20. axb5 a4 21. Ba2
a3 22. Qb3 axb2+ 23. Kxb2 Ra3 24. Qxa3 Bxa3+ 25. Kxa3 Qxb5 26. Bb1 Ra8# 0-1

[Event "2017 Seattle Chess Classic"]
[Site "?"]
[Date "????.??.??"]
[Round "8"]
[White "Raffel, Brian"]
[Black "Beck, Alec"]
[Result "0-1"]
[WhiteElo "1403"]
[BlackElo "1721"]
[PlyCount "58"]
[SourceDate "2017.09.11"]
[SourceVersionDate "2017.09.11"]

1. e4 c5 2. Nf3 e6 3. d4 cxd4 4. Nxd4 Nf6 5. Nc3 Nc6 6. Be3 Bb4 7. f3 d5 8. Bd3
e5 9. Nxc6 bxc6 10. exd5 cxd5 11. Bd2 d4 12. Ne4 Bxd2+ 13. Qxd2 Nd5 14. Bb5+
Kf8 15. Bc6 Rb8 16. Bxd5 Qxd5 17. O-O Bf5 18. Ng3 Bg6 19. b3 Qc5 20. Rfc1 f6
21. Kh1 Kf7 22. a4 Rhc8 23. a5 Qc3 24. Qxc3 Rxc3 25. Ne4 Bxe4 26. fxe4 Rbc8 27.
Kg1 Re3 28. Ra4 d3 29. Rb4 d2 0-1